000 01548cam a2200361 i 4500
999 _c10350
_d10350
001 17756064
003 GBCCL
005 20241126110730.0
008 130529s2013 ilu b 001 0 eng
010 _a 2013015283
020 _a9780830829132 (hardcover : alk. paper)
040 _aDLC
_beng
_erda
_cDLC
_dDLC
041 1 _aeng
_hgrc
042 _apcc
050 0 0 _aBS1515.53
_b.E9713 2013
082 0 0 _a220.7
_a224/.107
_223
_bANC
100 0 _aEusebius,
_cof Caesarea, Bishop of Caesarea,
_dapproximately 260-approximately 340.
_917962
240 1 0 _aCommentaria in Hesaiam.
_lEnglish
245 1 0 _aCommentary on Isaiah /
_cEusebius of Caesarea ; translated with an introduction and notes by Jonathan J. Armstrong ; edited by Joel C. Elowsky.
264 1 _aDowners Grove, Illinois :
_bIVP Academic, an imprint of InterVarsity Press,
_c[2013]
300 _axxxiv, 332 pages ;
_c26 cm.
336 _atext
_2rdacontent
337 _aunmediated
_2rdamedia
338 _avolume
_2rdacarrier
490 0 _aAncient Christian texts
504 _aIncludes bibliographical references and indexes.
630 0 0 _aBible.
_pIsaiah
_vCommentaries
_vEarly works to 1800.
_917963
700 1 _aArmstrong, Jonathan J.,
_d1980-
_917964
700 1 _aElowsky, Joel C.,
_d1963-
_917965
906 _a7
_bcbc
_corignew
_d1
_eecip
_f20
_gy-gencatlg
942 _2ddc
_cREF